000 01383nam a2200241Ia 4500
999 _c55481
_d55481
001 22563
003 GE_BSU
005 20210502222341.0
008 181216s1989||||ge |||||||||||||| ||geo||
040 _cGE_BSU
041 _ageo
080 _a94(100) ს-94
100 _aსურგულაძე, კახაბერ
_911735
245 _aციცერონი და რომის აზიური პოლიტიკა /
_cკახაბერ სურგულაძე; სამეცნიერო ხელმძღვანელი ლ. სანიკიძე; თბილისის ივანე ჯავახიშვილის სახელობის სახელმწიფო უნივერსიტეტი.
264 _aთბილისი,
_c1989.
300 _a164 გვ. ;
_b30 სმ.
653 _aისტორია
653 _aდისერტაცია
653 _aციცერონი და რომის აზიური პოლიტიკა
700 _aსანიკიძე, ლ.
_e სამეცნიერო ხელმძღვანელი
_9476
710 _aთბილისის ივანე ჯავახიშვილის სახელობის სახელმწიფო უნივერსიტეტი.
_99399
942 _cBK
_2udc